000 00667 a2200205 4500
001 62229
005 20260407155916.0
008 260407a1994 arg spa d
003 AR-UNSa-BCEJYS
040 _aAR-UNSa-BCEJYS
_bspa
_cAR-UNSa-BCEJYS
080 _a342.56
_xPoder judicial (Corte Suprema de Justicia)
245 1 0 _aPoder judicial alemán
_pTribunal federal de constitucionalidad. Controlador normativo. Apelaciones al legislador
020 _a978-950-9606-76-0
264 1 _aBuenos Aires :
_bAD-HOC
_c1994
300 _a312 p.
_c23 cm.
041 _aspa
942 _cBK
590 _aniveau_biblio:m niveau_hierar:0
100 1 _aWitthaus, Rodolfo Ernesto
999 _c7620
_d7620